Aguas territoriales.

I tiakina i:
Ngā taipitopito rārangi puna kōrero
Kaituhi matua: García Montero, Luis, 1958- (autor)
Hōputu: Pukapuka
Reo:Ingarihi
I whakaputaina: Valencia, España: Pre-textos, 1996.
Ngā marau:
Ngā Tūtohu: Tāpirihia he Tūtohu
Kāore He Tūtohu, Me noho koe te mea tuatahi ki te tūtohu i tēnei pūkete!

MARC

LEADER 00000nam a22000007a 4500
003 CL-VaPUC
005 20241125164035.0
008 230331t1996 ||||| |||| 00| 0 eng d
999 |c 440413  |d 440411 
020 |a 978-84-8191-117-6 
040 |c Pontificia Universidad Católica de Valparaíso 
082 7 |a 860.9006 GAR 1996  |2 22 
100 |a García Montero, Luis,  |d 1958-  |e autor  |9 881101 
245 |a Aguas territoriales.  
260 |a Valencia, España:  |b Pre-textos,   |c 1996. 
300 |a 78 páginas.  
583 |c 20230331  |k GC 
650 |a Literatura española  |x Historia y crítica  |9 881555 
942 |2 ddc  |c BK 
952 |0 0  |1 0  |2 ddc  |4 0  |6 860_900600000000000_GAR_1996  |7 0  |8 A  |9 589785  |a BIBEDU  |b BIBEDU  |c GEN  |d 2023-04-26  |e Compra Rectoría   |i 5657188  |o 860.9006 GAR 1996  |p 5657188  |r 2023-04-26  |t 1  |w 2023-04-26  |y BK  |k EDU